Existentialism is a humanism = (Record no. 1418470)
[ view plain ]
| 000 -LEADER | |
|---|---|
| fixed length control field | 02070cam a22004214a 4500 |
| 001 - CONTROL NUMBER | |
| control field | 14705439 |
| 005 - DATE AND TIME OF LATEST TRANSACTION | |
| control field | 20250516162629.0 |
| 008 - FIXED-LENGTH DATA ELEMENTS--GENERAL INFORMATION | |
| fixed length control field | 070122s2007 ctu b 001 0 eng |
| 010 ## - LIBRARY OF CONGRESS CONTROL NUMBER | |
| LC control number | 2007002684 |
| 020 ## - INTERNATIONAL STANDARD BOOK NUMBER | |
| International Standard Book Number | 9780300115468 (alk. paper) |
| 020 ## - INTERNATIONAL STANDARD BOOK NUMBER | |
| International Standard Book Number | 0300115466 (alk. paper) |
| 035 ## - SYSTEM CONTROL NUMBER | |
| System control number | (OCoLC)ocm80180903 |
| 035 ## - SYSTEM CONTROL NUMBER | |
| System control number | (OCoLC)80180903 |
| 037 ## - SOURCE OF ACQUISITION | |
| Terms of availability | TB |
| 040 ## - CATALOGING SOURCE | |
| Original cataloging agency | BL |
| Transcribing agency | BL |
| Modifying agency | BL |
| 041 1# - LANGUAGE CODE | |
| Language code of text/sound track or separate title | eng |
| Language code of original | fre |
| 050 00 - LIBRARY OF CONGRESS CALL NUMBER | |
| Classification number | B819 |
| Item number | .S32 2007 |
| 084 ## - COLON CLASSIFICATION NUMBER | |
| Classification number | R3xN05:g P7 |
| Assigning agency | BL |
| 100 1# - MAIN ENTRY--PERSONAL NAME | |
| Personal name | Sartre, Jean-Paul, |
| Dates associated with a name | 1905-1980. |
| 9 (RLIN) | 799749 |
| 240 10 - UNIFORM TITLE | |
| Uniform title | Existentialisme est un humanisme. |
| Language of a work | English |
| 245 10 - TITLE STATEMENT | |
| Title | Existentialism is a humanism = |
| Remainder of title | (L'Existentialisme est un humanisme) ; including, a commentary on The stranger (Explication de L'Étranger) / |
| 260 ## - PUBLICATION, DISTRIBUTION, ETC. | |
| Place of publication, distribution, etc. | New Haven, USA : |
| Name of publisher, distributor, etc. | Yale University Press, |
| Date of publication, distribution, etc. | c2007. |
| 300 ## - PHYSICAL DESCRIPTION | |
| Extent | xiv, 108 p. ; |
| Dimensions | 20 cm. |
| 365 ## - TRADE PRICE | |
| Price amount | 608.74 |
| Currency code | INR |
| 504 ## - BIBLIOGRAPHY, ETC. NOTE | |
| Bibliography, etc. note | Includes bibliographical references (p. 99-102) and index. |
| 600 10 - SUBJECT ADDED ENTRY--PERSONAL NAME | |
| Personal name | Camus, Albert, |
| Dates associated with a name | 1913-1960. |
| Title of a work | Étranger. |
| 9 (RLIN) | 799750 |
| 650 #0 - SUBJECT ADDED ENTRY--TOPICAL TERM | |
| Topical term or geographic name entry element | Existentialism. |
| 9 (RLIN) | 799752 |
| 700 1# - ADDED ENTRY--PERSONAL NAME | |
| Personal name | Kulka, John. |
| Relator term | editor |
| 9 (RLIN) | 799753 |
| 700 1# - ADDED ENTRY--PERSONAL NAME | |
| Personal name | Elkaïm-Sartre, Arlette. |
| 9 (RLIN) | 799754 |
| 700 12 - ADDED ENTRY--PERSONAL NAME | |
| Personal name | Sartre, Jean-Paul, |
| Dates associated with a name | 1905-1980. |
| Title of a work | Explication de L'étranger. |
| Language of a work | English. |
| 9 (RLIN) | 799756 |
| 856 41 - ELECTRONIC LOCATION AND ACCESS | |
| Materials specified | Table of contents only |
| Uniform Resource Identifier | <a href="http://www.loc.gov/catdir/toc/ecip079/2007002684.html">http://www.loc.gov/catdir/toc/ecip079/2007002684.html</a> |
| 856 42 - ELECTRONIC LOCATION AND ACCESS | |
| Materials specified | Contributor biographical information |
| Uniform Resource Identifier | <a href="http://www.loc.gov/catdir/enhancements/fy0733/2007002684-b.html">http://www.loc.gov/catdir/enhancements/fy0733/2007002684-b.html</a> |
| 856 42 - ELECTRONIC LOCATION AND ACCESS | |
| Materials specified | Publisher description |
| Uniform Resource Identifier | <a href="http://www.loc.gov/catdir/enhancements/fy0733/2007002684-d.html">http://www.loc.gov/catdir/enhancements/fy0733/2007002684-d.html</a> |
| 906 ## - LOCAL DATA ELEMENT F, LDF (RLIN) | |
| a | 7 |
| b | cbc |
| c | orignew |
| d | 1 |
| e | ecip |
| f | 20 |
| g | y-gencatlg |
| 942 ## - ADDED ENTRY ELEMENTS (KOHA) | |
| Source of classification or shelving scheme | Colon Classification (CC) |
| Koha item type | Textbook |
| Classification part | R3xN05:g P7 |
| Suppress in OPAC | No |
| Withdrawn status | Lost status | Source of classification or shelving scheme | Damaged status | Not for loan | Home library | Current library | Date acquired | Source of acquisition | Cost, normal purchase price | Inventory number | Total Checkouts | Full call number | Barcode | Date last seen | Price effective from | Koha item type |
|---|---|---|---|---|---|---|---|---|---|---|---|---|---|---|---|---|
| Colon Classification (CC) | Braille Library | Braille Library | 2025-05-16 | Classic Book Service | 608.74 | 282 & 2025-02-28 | R3xN05:g P7 | BL0001239 | 2025-05-16 | 2025-05-16 | Textbook |
